| 000 | 01267nam a2200289Ia 4500 | ||
|---|---|---|---|
| 001 | K0541 | ||
| 003 | IT-RoPAU | ||
| 008 | 130308s9999 xx 000 0 und d | ||
| 040 | _aIT-RoPAU | ||
| 040 | _cIT-RoPAU | ||
| 041 | _aITALIANO | ||
| 100 | _aCastelli Luca | ||
| 100 | _gCodice Aut. SPICS: 60214 | ||
| 245 | _aMusica liberata (La) | ||
| 245 | _bMusica Liberata (La) | ||
| 250 | _a1a ed. | ||
| 260 | _aROMA | ||
| 260 | _bArcana | ||
| 260 | _c2009 [1° Ed.:2009 - Ed.Ling.Originale:2009] | ||
| 300 | _a"284 p. (prefazione: no ; testo: 284 [pagine: 0-0])" | ||
| 500 | _aMp3. Napster. Major. Ipod. Laboratorio. Artisti. dura Lex. Macchine. Where Have All The Good Times Gone? Onniutente. Musica Liberata. Estete 1999: Shawn Fanning Distribuisce Ai Suoi Amici Prima versione di Napster. Autunno 2001: Steve Jobs presenta Ipod. Autunno 2007: Radiohead Pubblicano su internet Nuovo Album in Rainbows e Chiedono al Pubblico di Deidere Prezzo. | ||
| 650 | _aSAGGI MUSICALI | ||
| 650 | _eCodice materia Spics: 7011 | ||
| 942 | _cBK | ||
| 957 | _71 | ||
| 999 |
_c77392 _d77392 |
||
| 999 | _g1 | ||